00472 2200193 4500001002100000005001500021035002000036008004100056245005300097100001500150250000600165260003600171300001100207084001400218082000800232650001400240990001200254990001200266INLIS00000000000040820240430015446 a0010-0424000384240430 0 ind 1 aSelayang Pandang Sulawesi Tenggara /cM. Purwati aM. Purwati a1 aKlaten :bIntan Pariwara,c2009 a60 hlm a900 PUR s a900 4aNon Fiksi a0728655 a0728656